Antología de poetas líricos castellanos /

Salvato in:
Dettagli Bibliografici
Altri autori: Baeza, Ricardo (selección) (selección), Giusti, Roberto F (preliminares) (preliminares)
Natura: Libro
Lingua:spagnolo
Pubblicazione: México : Grolier : Cumbre, 1979, c1979
Edizione:14a edición
Serie:(Los Clásicos Grolier)
Soggetti:
Tags: Aggiungi Tag
Nessun Tag, puoi essere il primo ad aggiungerne!!

MARC

LEADER 00000nam^a2200000^a^4500
001 000367603
005 20250521000000.0
009 20260526142217.033
025 |a Donación Juan Diego Castillo, 1 ejemplar 
037 |a Acervo ITESO - Biblioteca 
041 |a ESP 
082 |a 861.  |b ANT 
245 1 0 |a Antología de poetas líricos castellanos /  |c Selec. de R. Baeza ; prelim. R.F. Giusti. 
250 |a 14a edición 
264 4 |a México :  |b Grolier :  |b Cumbre,  |c 1979, c1979 
300 |a XLIV, 497 p. 
336 |a texto  |b txt  |2 rdacontenido 
337 |a sin mediación  |b n  |2 rdamedio 
338 |a volumen  |b nc  |2 rdasoporte 
440 4 |a (Los Clásicos Grolier) 
649 |a XX 
650 |a Poesía Epica -  |z España 
650 |a Poesía Española 
650 |a Ensayos Españoles 
650 |a Romances Españoles 
650 |a Literatura Medieval 
650 |a Literatura Española 
700 |a Baeza, Ricardo  |e (selección) 
700 |a Giusti, Roberto F  |e (preliminares) 
910 |a Fondo Castillo-Martínez 
920 |a Impresos - Libros 
930 |a Fondos Especiales 
940 |a Literatura 
905 |a 127 
901 |a 0500261289  |b IT2  |c ESP  |i FXC D  |u 20250521 
902 |a https://opac.biblio.iteso.mx/vufind/Record/000367603